000 00483nam a2200157Ia 4500
999 _c1067
_d1067
003 OSt
005 20200929105020.0
008 190216s9999||||xx |||||||||||||| ||und||
040 _coclc
082 _a591.4
_bALH/P
100 _aAl-Hussaini, A Hammad
_95116
245 0 _aPractical Animal Morphology /
_cA Hammad Al-Hussaini ; Emile S Demain
260 _bMacmillan India Ltd,
_c1967.
_aLondon:
300 _a489p
942 _cBK
_2ddc
_h591.4
_iALH/P
_k591.4
_mALH/P